[Event "Todd Southam mem."]
[Site "Toronto CAN"]
[Date "2004.06.13"]
[Round "5"]
[White "Day, Lawrence"]
[Black "Quan Zhe"]
[Result "0-1"]
[WhiteElo "2266"]
[BlackElo "2324"]
[PlyCount "113"]
[GameId "2160767911096227"]
[EventDate "2004.06.13"]
[EventType "schev (rapid)"]
[EventRounds "6"]
[EventCountry "CAN"]
[SourceTitle "CBM 100 Extra"]
[Source "ChessBase"]
[SourceDate "2004.07.06"]
[SourceVersion "2"]
[SourceVersionDate "2004.07.06"]
[SourceQuality "1"]

1. e4 c5 2. Nc3 Nc6 3. g3 g6 4. Bg2 Bg7 5. d3 e6 6. Be3 d6 7. Nh3 Nge7 8. O-O Rb8 9. Qd2 O-O 10. Bh6 Nd4 11. Bxg7 Kxg7 12. f4 b5 13. Nd1 b4 14. Ne3 Bb7 15. c3 bxc3 16. bxc3 Ndc6 17. f5 Ng8 18. Nf4 exf5 19. exf5 Nf6 20. Rab1 Ba8 21. Rxb8 Qxb8 22. Nfd5 Ng8 23. f6+ Kh8 24. g4 Ne5 25. d4 Nd7 26. g5 Nb6 27. Rb1 Qd8 28. Nxb6 Bxg2 29. Qxg2 axb6 30. Nd5 cxd4 31. cxd4 Qe8 32. h4 Qe6 33. Kh2 Rb8 34. Rb3 b5 35. Rh3 h5 36. Rb3 Qe1 37. Kh3 Re8 38. Rb2 Re4 39. Rf2 Rxd4 40. Qf3 Qe6+ 41. Kg2 Qxd5 42. Qxd5 Rxd5 43. Rb2 Rf5 44. Kg3 Kh7 45. Rb4 Nxf6 46. gxf6 Rxf6 47. Rxb5 Re6 48. a4 Re4 49. Ra5 Rb4 50. Ra8 Kg7 51. a5 Ra4 52. a6 d5 53. a7 f6 54. Kf3 g5 55. hxg5 fxg5 56. Kg3 Ra3+ 57. Kf2 0-1

[Event "Todd Southam mem."]
[Site "Toronto CAN"]
[Date "2004.06.13"]
[Round "5"]
[White "Krupnov, Maxim E"]
[Black "Noritsyn, Nikolay"]
[Result "1-0"]
[WhiteElo "2361"]
[BlackElo "2153"]
[PlyCount "79"]
[GameId "2160767911096228"]
[EventDate "2004.06.13"]
[EventType "schev (rapid)"]
[EventRounds "6"]
[EventCountry "CAN"]
[SourceTitle "CBM 100 Extra"]
[Source "ChessBase"]
[SourceDate "2004.07.06"]
[SourceVersion "2"]
[SourceVersionDate "2004.07.06"]
[SourceQuality "1"]

1. e4 c5 2. Nf3 Nc6 3. Bb5 d6 4. O-O Bd7 5. c3 Nf6 6. Qe2 a6 7. Ba4 b5 8. Bc2 Bg4 9. h3 Bxf3 10. Qxf3 g6 11. a4 Bh6 12. Na3 O-O 13. d3 Bxc1 14. Raxc1 Rb8 15. Qe2 e5 16. f4 Nh5 17. f5 Ng3 18. Qf2 Nxf1 19. Rxf1 Qf6 20. axb5 axb5 21. Qg3 Kh8 22. fxg6 Qxg6 23. Qf3 Na5 24. Bd1 Nc6 25. Bb3 f6 26. Nc2 Ne7 27. Ne3 c4 28. Bc2 cxd3 29. Bxd3 b4 30. Nd5 Nxd5 31. exd5 Qg5 32. c4 b3 33. Bf5 Rb4 34. Qd3 Rf7 35. c5 dxc5 36. d6 Rd4 37. Qxb3 Rg7 38. g4 c4 39. Qa3 h5 40. d7 1-0

[Event "Todd Southam mem."]
[Site "Toronto CAN"]
[Date "2004.06.13"]
[Round "5"]
[White "Puri, Vinny"]
[Black "Thavandiran, Shiyam"]
[Result "1-0"]
[WhiteElo "2253"]
[BlackElo "2132"]
[PlyCount "53"]
[GameId "2160767911096230"]
[EventDate "2004.06.13"]
[EventType "schev (rapid)"]
[EventRounds "6"]
[EventCountry "CAN"]
[SourceTitle "CBM 100 Extra"]
[Source "ChessBase"]
[SourceDate "2004.07.06"]
[SourceVersion "2"]
[SourceVersionDate "2004.07.06"]
[SourceQuality "1"]

1. d4 d5 2. c4 Bf5 3. Nc3 e6 4. Nf3 Nf6 5. Qb3 Nc6 6. Bg5 dxc4 7. Qxc4 Be7 8. e3 O-O 9. Be2 h6 10. Bh4 Ne4 11. Bxe7 Nxe7 12. O-O Nd5 13. Nxe4 Bxe4 14. Nd2 Nf6 15. Rfd1 Bc6 16. Rac1 a6 17. Bf3 Nd5 18. a3 Qe7 19. Bxd5 exd5 20. Qc5 Qe6 21. Nf3 Rac8 22. Ne5 Be8 23. Nd3 f6 24. Nf4 Qf7 25. Nxd5 b6 26. Ne7+ Kh8 27. Ng6+ 1-0

[Event "Todd Southam mem."]
[Site "Toronto CAN"]
[Date "2004.06.13"]
[Round "6"]
[White "Krnan, Tomas"]
[Black "Bailey, Doug"]
[Result "1/2-1/2"]
[WhiteElo "2312"]
[BlackElo "2283"]
[PlyCount "61"]
[GameId "2160767911096231"]
[EventDate "2004.06.13"]
[EventType "schev (rapid)"]
[EventRounds "6"]
[EventCountry "CAN"]
[SourceTitle "CBM 100 Extra"]
[Source "ChessBase"]
[SourceDate "2004.07.06"]
[SourceVersion "2"]
[SourceVersionDate "2004.07.06"]
[SourceQuality "1"]

1. e4 c5 2. Nf3 d6 3. d4 cxd4 4. Nxd4 Nf6 5. Nc3 g6 6. f4 Nbd7 7. Bd3 Bg7 8. Be3 O-O 9. h3 a6 10. O-O Qc7 11. a4 b6 12. Nd5 Nxd5 13. exd5 Nc5 14. c4 Nxd3 15. Qxd3 Bd7 16. b3 Rab8 17. Rae1 f5 18. Bf2 Bf6 19. Ne6 Bxe6 20. Rxe6 Rf7 21. Rfe1 Kf8 22. g4 b5 23. axb5 axb5 24. cxb5 Qc3 25. Qxc3 Bxc3 26. Rc1 Ba5 27. g5 Bb6 28. Rc6 Bxf2+ 29. Kxf2 Rxb5 30. Rc8+ Kg7 31. Rc7 1/2-1/2

[Event "Todd Southam mem."]
[Site "Toronto CAN"]
[Date "2004.06.13"]
[Round "6"]
[White "Noritsyn, Nikolay"]
[Black "Miller, Evgeny"]
[Result "0-1"]
[WhiteElo "2153"]
[BlackElo "2212"]
[PlyCount "76"]
[GameId "2160767911096232"]
[EventDate "2004.06.13"]
[EventType "schev (rapid)"]
[EventRounds "6"]
[EventCountry "CAN"]
[SourceTitle "CBM 100 Extra"]
[Source "ChessBase"]
[SourceDate "2004.07.06"]
[SourceVersion "2"]
[SourceVersionDate "2004.07.06"]
[SourceQuality "1"]

1. e4 c6 2. d4 d5 3. exd5 cxd5 4. c4 Nf6 5. Nc3 Nc6 6. Nf3 Bg4 7. cxd5 Nxd5 8. Bb5 e6 9. O-O Be7 10. h3 Bh5 11. g4 Bg6 12. Ne5 Rc8 13. Qa4 Kf8 14. Nxd5 Qxd5 15. Be3 Nxe5 16. dxe5 Qf3 17. Rfc1 Ra8 18. Qf4 Qxh3 19. Rc7 h5 20. g5 Qg4+ 21. Qxg4 hxg4 22. Bf1 Bd8 23. Rd7 Be4 24. Bg2 Bxg2 25. Kxg2 Rh5 26. Kg3 Bxg5 27. Kxg4 Bxe3 28. Kxh5 Bf4 29. Rad1 Bxe5 30. Rxb7 a5 31. Rdd7 Kg8 32. Rxf7 Rd8 33. Kg6 Rd1 34. Rfd7 Rg1+ 35. Kh5 Bf6 36. Rb5 a4 37. Rd3 g6+ 38. Kh6 Bg7# 0-1

[Event "Todd Southam mem."]
[Site "Toronto CAN"]
[Date "2004.06.13"]
[Round "6"]
[White "Smith, Hazel"]
[Black "Day, Lawrence"]
[Result "0-1"]
[WhiteElo "2051"]
[BlackElo "2266"]
[PlyCount "126"]
[GameId "2160767911096235"]
[EventDate "2004.06.13"]
[EventType "schev (rapid)"]
[EventRounds "6"]
[EventCountry "CAN"]
[SourceTitle "CBM 100 Extra"]
[Source "ChessBase"]
[SourceDate "2004.07.06"]
[SourceVersion "2"]
[SourceVersionDate "2004.07.06"]
[SourceQuality "1"]

1. e4 g6 2. d4 Bg7 3. Nc3 d6 4. Nf3 a6 5. Bc4 e6 6. Be3 Nd7 7. O-O b5 8. Bb3 Bb7 9. a3 Ne7 10. Re1 h6 11. Qd2 g5 12. Rad1 Ng6 13. Kh1 Nf6 14. Qd3 Qe7 15. Ng1 c5 16. dxc5 dxc5 17. Nxb5 Nxe4 18. Nc3 Nxc3 19. bxc3 O-O 20. Bd2 Nh4 21. f3 Rfd8 22. Qe2 Rd6 23. Bc4 Rad8 24. Bd3 f5 25. Qf2 Rxd3 26. cxd3 Rxd3 27. Qe2 Rd6 28. Qf2 Qc7 29. Qe3 Bd5 30. Bc1 Qc6 31. Bb2 c4 32. Qe2 Bf6 33. Qe3 Kg7 34. Qa7+ Rd7 35. Qe3 Kf7 36. Qe2 Rb7 37. Bc1 Bxc3 38. Rf1 Bf6 39. Qe3 Rb3 40. Qf2 g4 41. Qa7+ Rb7 42. Qf2 c3 43. Qe3 Bg5 44. Qf2 Bxc1 45. Rxc1 gxf3 46. Nxf3 Nxf3 47. gxf3 Rb2 48. Qg3 Rd2 49. Qh3 Ke7 50. Qh4+ Kd7 51. Qg3 c2 52. Qg7+ Kc8 53. Qg8+ Kb7 54. Qg7+ Kb6 55. Qg1+ Qc5 56. Qg3 Ka5 57. Qh3 Qe3 58. Qg3 f4 59. Qh3 Rd1 60. Rfxd1 cxd1=Q+ 61. Rxd1 Qxf3+ 62. Qxf3 Bxf3+ 63. Kg1 Bxd1 0-1

[Event "Todd Southam mem."]
[Site "Toronto CAN"]
[Date "2004.06.13"]
[Round "6"]
[White "Thavandiran, Shiyam"]
[Black "Allan, Denis"]
[Result "1/2-1/2"]
[WhiteElo "2132"]
[BlackElo "2276"]
[PlyCount "84"]
[GameId "2160767911096236"]
[EventDate "2004.06.13"]
[EventType "schev (rapid)"]
[EventRounds "6"]
[EventCountry "CAN"]
[SourceTitle "CBM 100 Extra"]
[Source "ChessBase"]
[SourceDate "2004.07.06"]
[SourceVersion "2"]
[SourceVersionDate "2004.07.06"]
[SourceQuality "1"]

1. e4 e5 2. Nf3 Nc6 3. Bc4 d6 4. d4 Bg4 5. c3 Qe7 6. h3 Bd7 7. O-O g6 8. Bg5 Nf6 9. Re1 Bg7 10. Nbd2 h6 11. Bh4 g5 12. Bg3 g4 13. hxg4 Bxg4 14. Qb3 Bc8 15. Bb5 Nh5 16. d5 a6 17. dxc6 axb5 18. Bh4 Bf6 19. Bxf6 Nxf6 20. cxb7 Bxb7 21. Qxb5+ c6 22. Qb4 c5 23. Qb5+ Qd7 24. Qd3 Ba6 25. Nc4 Bxc4 26. Qxc4 Rg8 27. g3 Nh5 28. Rad1 Nxg3 29. fxg3 Qh3 30. Re2 Rxg3+ 31. Kf2 Rxf3+ 32. Ke1 Rf1+ 33. Kd2 Rxd1+ 34. Kxd1 Ke7 35. Qd5 Rd8 36. a4 Qf1+ 37. Kd2 Qa1 38. Qb3 c4 39. Qb5 Qb1 40. Re1 Qd3+ 41. Kc1 Rg8 42. Qb7+ Ke6 1/2-1/2

[Event "Toronto Closed A reserves"]
[Site "Toronto CAN"]
[Date "2004.01.18"]
[Round "1"]
[White "Becker, Paul"]
[Black "Sviridovitch, Alina"]
[Result "0-1"]
[WhiteElo "2058"]
[BlackElo "1986"]
[PlyCount "60"]
[GameId "2160767911200470"]
[EventDate "2004.01.18"]
[EventType "tourn"]
[EventRounds "10"]
[EventCountry "CAN"]

1. e4 c5 2. Nf3 e6 3. d4 cxd4 4. Nxd4 a6 5. Nc3 b5 6. Bd3 Qb6 7. Nb3 Qc7 8. O-O d6 9. g4 Be7 10. f4 Bb7 11. a3 Nd7 12. Be3 g6 13. Qe2 Ngf6 14. g5 Nh5 15. Rac1 O-O 16. Qg4 Nb6 17. Rf3 d5 18. Rh3 dxe4 19. Nxe4 Nd5 20. Rf1 Nxe3 21. Rxe3 Qb6 22. Kf2 f5 23. gxf6 Bxf6 24. Ke2 Be5 25. Ng5 Nxf4+ 26. Rxf4 Bxf4 27. Rh3 Bxg5 28. Nd4 Rf4 29. Qxg5 Qxd4 30. Rxh7 Qf2+ 0-1

[Event "Toronto Closed A reserves"]
[Site "Toronto CAN"]
[Date "2004.01.18"]
[Round "1"]
[White "Kagramanov, Dina"]
[Black "Siddeley, Hugh"]
[Result "0-1"]
[WhiteElo "2044"]
[BlackElo "1937"]
[PlyCount "52"]
[GameId "2160767911200472"]
[EventDate "2004.01.18"]
[EventType "tourn"]
[EventRounds "10"]
[EventCountry "CAN"]
[SourceTitle "EXT 2005"]
[Source "ChessBase"]
[SourceDate "2004.11.15"]
[SourceVersion "1"]
[SourceVersionDate "2004.11.15"]
[SourceQuality "1"]

1. e4 e6 2. d4 d5 3. exd5 exd5 4. Nf3 Bd6 5. Bd3 Nc6 6. c3 Bg4 7. h3 Bh5 8. O-O Nge7 9. Re1 Qd7 10. Be3 Bg6 11. Bxg6 hxg6 12. Nbd2 O-O-O 13. Qa4 Kb8 14. Rad1 f6 15. Nb3 Rxh3 16. Nc5 Qg4 17. Ne5 fxe5 18. dxe5 Rdh8 19. f3 Qg3 20. Nd7+ Kc8 21. Kf1 Rh1+ 22. Bg1 R8h2 23. Re2 Nf5 24. Rdd2 Qxf3+ 25. Rf2 Ne3+ 26. Ke1 Rxg1+ 0-1

[Event "Toronto Closed A reserves"]
[Site "Toronto CAN"]
[Date "2004.01.18"]
[Round "1"]
[White "Meng, Ang"]
[Black "Nahutin, Yevgeni"]
[Result "1-0"]
[WhiteElo "2155"]
[BlackElo "2008"]
[PlyCount "51"]
[GameId "2160767911200473"]
[EventDate "2004.01.18"]
[EventType "tourn"]
[EventRounds "10"]
[EventCountry "CAN"]

1. e4 d6 2. f4 Nf6 3. Nc3 c6 4. Nf3 Bg4 5. h3 Bxf3 6. Qxf3 e5 7. fxe5 dxe5 8. Bc4 b5 9. Bb3 a5 10. a4 b4 11. Ne2 Bc5 12. d3 Qd6 13. g4 O-O 14. Ng3 Ne8 15. Nf5 Qc7 16. Rf1 Nd6 17. Nxg7 Qe7 18. Nh5 Qh4+ 19. Ng3 Bd4 20. Kd2 Na6 21. c3 Bb6 22. Nf5 Nxf5 23. Qxf5 Nc5 24. Bxf7+ Rxf7 25. Qxf7+ Kh8 26. cxb4 1-0

[Event "Toronto Closed A reserves"]
[Site "Toronto CAN"]
[Date "2004.01.18"]
[Round "1"]
[White "Southam, David"]
[Black "Laughlin, Steve"]
[Result "0-1"]
[WhiteElo "2106"]
[BlackElo "2014"]
[PlyCount "40"]
[GameId "2160767911200474"]
[EventDate "2004.01.18"]
[EventType "tourn"]
[EventRounds "10"]
[EventCountry "CAN"]
[SourceTitle "EXT 2005"]
[Source "ChessBase"]
[SourceDate "2004.11.15"]
[SourceVersion "1"]
[SourceVersionDate "2004.11.15"]
[SourceQuality "1"]

1. d4 d5 2. c4 dxc4 3. e4 Nc6 4. Be3 Nf6 5. Nc3 e5 6. d5 Na5 7. Qa4+ Bd7 8. Qxa5 a6 9. Nb1 Nxe4 10. Kd1 c3 11. b4 b6 12. Qa3 a5 13. Qb3 axb4 14. Qc4 Ba4+ 15. Kc1 Nxf2 16. Nf3 Nxh1 17. Nxe5 Bc5 18. Qe4 Bxe3+ 19. Qxe3 O-O 20. Bc4 Qf6 0-1

[Event "Toronto Closed A reserves"]
[Site "Toronto CAN"]
[Date "2004.01.23"]
[Round "2"]
[White "Siddeley, Hugh"]
[Black "Southam, David"]
[Result "0-1"]
[WhiteElo "1937"]
[BlackElo "2106"]
[PlyCount "96"]
[GameId "2160767911200475"]
[EventDate "2004.01.18"]
[EventType "tourn"]
[EventRounds "10"]
[EventCountry "CAN"]
[SourceTitle "EXT 2005"]
[Source "ChessBase"]
[SourceDate "2004.11.15"]
[SourceVersion "1"]
[SourceVersionDate "2004.11.15"]
[SourceQuality "1"]

1. e4 e6 2. d4 d5 3. Nc3 Bb4 4. e5 Ne7 5. Qg4 Nf5 6. Bd3 h5 7. Qf4 Nc6 8. a3 Be7 9. Bxf5 exf5 10. h4 Be6 11. g3 Qd7 12. Nh3 O-O-O 13. O-O Rdg8 14. Re1 Kb8 15. Bd2 Bd8 16. Rad1 Ne7 17. Qf3 f4 18. Ng5 fxg3 19. Qxg3 Nf5 20. Qf4 Bxg5 21. hxg5 h4 22. Kh2 h3 23. Be3 Nh4 24. Rg1 Ng2 25. Qg3 b6 26. Bc1 Kb7 27. Ne2 Bg4 28. f3 Bf5 29. c3 Bc2 30. Rd2 Qf5 31. Qf2 Bb1 32. Rdd1 Nh4 33. Rgf1 Qd7 34. Be3 Bf5 35. Nf4 Ng2 36. c4 dxc4 37. d5 Nxf4 38. Bxf4 Bd3 39. d6 cxd6 40. Rxd3 cxd3 41. Qd4 Rc8 42. Qxd3 d5 43. Rd1 Qe6 44. Qxd5+ Qxd5 45. Rxd5 Rc2+ 46. Bd2 Rxb2 47. Kh1 h2 48. Rd7+ Ka6 0-1

[Event "Toronto Closed A reserves"]
[Site "Toronto CAN"]
[Date "2004.01.25"]
[Round "2"]
[White "Becker, Paul"]
[Black "Sviridovitch, Alina"]
[Result "0-1"]
[WhiteElo "2058"]
[BlackElo "1986"]
[PlyCount "60"]
[GameId "2160767911200476"]
[EventDate "2004.01.18"]
[EventType "tourn"]
[EventRounds "10"]
[EventCountry "CAN"]

1. Nf3 c5 2. g3 b6 3. c3 Bb7 4. d3 e6 5. Bg2 g6 6. Bg5 Qc7 7. Na3 a6 8. Rc1 d6 9. d4 Nd7 10. O-O Bg7 11. Re1 Ngf6 12. Nb1 O-O 13. Nbd2 Ne4 14. Nxe4 Bxe4 15. Be7 Rfe8 16. dxc5 dxc5 17. Qd6 Qb7 18. Bg5 Ne5 19. Nxe5 Bxg2 20. f3 Bh3 21. Qc6 Qxc6 22. Nxc6 f6 23. Be3 Rac8 24. b4 Rxc6 25. g4 f5 26. Kf2 fxg4 27. Kg3 Be5+ 28. Bf4 Bxf4+ 29. Kxf4 gxf3 30. Kxf3 e5 0-1

[Event "Toronto Closed A reserves"]
[Site "Toronto CAN"]
[Date "2004.01.25"]
[Round "2"]
[White "Laughlin, Steve"]
[Black "Henry, Liam"]
[Result "0-1"]
[WhiteElo "2014"]
[BlackElo "1975"]
[PlyCount "81"]
[GameId "2160767911200478"]
[EventDate "2004.01.18"]
[EventType "tourn"]
[EventRounds "10"]
[EventCountry "CAN"]
[SourceTitle "EXT 2005"]
[Source "ChessBase"]
[SourceDate "2004.11.15"]
[SourceVersion "1"]
[SourceVersionDate "2004.11.15"]
[SourceQuality "1"]

1. e4 c5 2. Nf3 d6 3. d4 cxd4 4. Nxd4 Nf6 5. Nc3 a6 6. Bc4 e6 7. Bb3 b5 8. O-O Be7 9. Qf3 Qc7 10. Qg3 O-O 11. Re1 Bd7 12. Bh6 Ne8 13. Be3 Nc6 14. f4 b4 15. Na4 Nxd4 16. Bxd4 Bc6 17. c3 Nf6 18. cxb4 Qb7 19. Nc3 Qxb4 20. Rad1 a5 21. Nd5 exd5 22. exd5 Nh5 23. Qf2 Rfe8 24. dxc6 Bf6 25. Rxe8+ Rxe8 26. Be3 Bxb2 27. c7 Bc3 28. Bc5 Qb7 29. Bxd6 Nf6 30. Be5 Qc6 31. Bxc3 Qxc3 32. Qd2 Qxc7 33. Rc1 Qb6+ 34. Kh1 Ne4 35. Bxf7+ Kxf7 36. Qd7+ Re7 37. Qd5+ Qe6 38. Qxa5 Nf2+ 39. Kg1 Nd3 40. Qh5+ Kg8 41. Qd1 0-1

[Event "Toronto Closed A reserves"]
[Site "Toronto CAN"]
[Date "2004.01.29"]
[Round "2"]
[White "Bryskine, Marina"]
[Black "Meng, Ang"]
[Result "1-0"]
[WhiteElo "2013"]
[BlackElo "2155"]
[PlyCount "70"]
[GameId "2160767911200479"]
[EventDate "2004.01.18"]
[EventType "tourn"]
[EventRounds "10"]
[EventCountry "CAN"]

1. e4 d5 2. exd5 Qxd5 3. Nc3 Qa5 4. d4 e5 5. dxe5 Nc6 6. Nf3 Bg4 7. Be2 Bb4 8. Bd2 O-O-O 9. Ng5 Bxe2 10. Qxe2 Nh6 11. Nf3 Rhe8 12. O-O-O Nxe5 13. Nxe5 Rxe5 14. Qc4 Nf5 15. Qxf7 Rf8 16. Bg5 Ree8 17. Qd7+ Kb8 18. Rd5 Bc5 19. Rxf5 Be3+ 20. Bxe3 Qxf5 21. Qxf5 Rxf5 22. Rd1 Kc8 23. a3 a6 24. h4 h6 25. Rd4 b6 26. g3 c5 27. Rd6 Kc7 28. Rg6 h5 29. Rxg7+ Kc6 30. Rg5 Rxg5 31. hxg5 Kd7 32. Kd2 Kc6 33. f4 Kd6 34. f5 Ke5 35. f6 Rd8+ 1-0

[Event "Toronto Closed A reserves"]
[Site "Toronto CAN"]
[Date "2004.01.31"]
[Round "2"]
[White "Nahutin, Yevgeni"]
[Black "Kagramanov, Dina"]
[Result "0-1"]
[WhiteElo "2008"]
[BlackElo "2005"]
[PlyCount "76"]
[GameId "2160767911200480"]
[EventDate "2004.01.18"]
[EventType "tourn"]
[EventRounds "10"]
[EventCountry "CAN"]

1. Nf3 d5 2. d4 c6 3. h3 Nf6 4. b3 e6 5. c3 Bd6 6. Bb2 Nbd7 7. Nbd2 O-O 8. Qc2 Re8 9. e3 e5 10. dxe5 Nxe5 11. Nxe5 Bxe5 12. Nf3 Bd6 13. Bd3 Ne4 14. O-O-O Qe7 15. Kb1 b5 16. Bxe4 dxe4 17. Nd4 Qc7 18. Rd2 a6 19. Rhd1 Bf8 20. Ne2 a5 21. a4 bxa4 22. bxa4 Rb8 23. Ka1 Be6 24. Nd4 Bc4 25. Rb1 Bd3 26. Rxd3 exd3 27. Qxd3 Rb6 28. Bc1 Reb8 29. Rxb6 Qxb6 30. Qc2 Qa6 31. Qe2 Qb7 32. Qb2 Qc7 33. Qa2 Qe5 34. Qc4 Qe4 35. Qa2 Qxg2 36. f4 Qh1 37. Qc2 Ba3 38. Ne2 Rb2 0-1

[Event "Toronto Closed A reserves"]
[Site "Toronto CAN"]
[Date "2004.02.01"]
[Round "3"]
[White "Henry, Liam"]
[Black "Siddeley, Hugh"]
[Result "1-0"]
[WhiteElo "1975"]
[BlackElo "1937"]
[PlyCount "55"]
[GameId "2160767911200481"]
[EventDate "2004.01.18"]
[EventType "tourn"]
[EventRounds "10"]
[EventCountry "CAN"]
[SourceTitle "EXT 2005"]
[Source "ChessBase"]
[SourceDate "2004.11.15"]
[SourceVersion "1"]
[SourceVersionDate "2004.11.15"]
[SourceQuality "1"]

1. e4 c5 2. Nf3 Nc6 3. d4 cxd4 4. Nxd4 g6 5. Nc3 Bg7 6. Be3 Nf6 7. Bc4 O-O 8. Bb3 d6 9. f3 Bd7 10. Qd2 Rc8 11. O-O-O Ne5 12. h4 Nc4 13. Bxc4 Rxc4 14. Nb3 Re8 15. h5 Nxh5 16. g4 Nf6 17. Nd5 Nxd5 18. exd5 Qc7 19. Bd4 Rc8 20. c3 f6 21. Rde1 Ba4 22. Qe3 Qd8 23. Kb1 Bxb3 24. axb3 R4c7 25. Qe6+ Kh8 26. Rxh7+ Kxh7 27. Rh1+ Bh6 28. Qf7+ 1-0

[Event "Toronto Closed A reserves"]
[Site "Toronto CAN"]
[Date "2004.02.01"]
[Round "3"]
[White "Southam, David"]
[Black "Nahutin, Yevgeni"]
[Result "1-0"]
[WhiteElo "2146"]
[BlackElo "2008"]
[PlyCount "57"]
[GameId "2160767911200482"]
[EventDate "2004.01.18"]
[EventType "tourn"]
[EventRounds "10"]
[EventCountry "CAN"]

1. d4 d6 2. c4 g6 3. Nc3 Bg7 4. e4 c6 5. Be3 Qc7 6. Qd2 h6 7. Bd3 Nd7 8. Nge2 Ngf6 9. f3 a6 10. Rc1 e5 11. O-O Kf8 12. Kh1 Kg8 13. f4 exd4 14. Nxd4 Nc5 15. Bb1 Qe7 16. Qc2 Nfxe4 17. Nxe4 Bxd4 18. Bxd4 Bf5 19. Bxc5 dxc5 20. Rce1 Re8 21. Qc3 Bxe4 22. Rxe4 Qd8 23. Rxe8+ Qxe8 24. Re1 Qd8 25. f5 Kh7 26. Qe5 h5 27. fxg6+ fxg6 28. Qxh5+ Kg7 29. Qxg6+ 1-0

[Event "Toronto Closed A reserves"]
[Site "Toronto CAN"]
[Date "2004.01.18"]
[Round "4"]
[White "Meng, Ang"]
[Black "Kagramanov, Dina"]
[Result "1-0"]
[WhiteElo "2203"]
[BlackElo "2044"]
[PlyCount "85"]
[GameId "2160767911200484"]
[EventDate "2004.01.18"]
[EventType "tourn"]
[EventRounds "10"]
[EventCountry "CAN"]
[SourceTitle "EXT 2005"]
[Source "ChessBase"]
[SourceDate "2004.11.15"]
[SourceVersion "1"]
[SourceVersionDate "2004.11.15"]
[SourceQuality "1"]

1. e4 c5 2. Nc3 Nc6 3. f4 e6 4. Nf3 a6 5. d3 Nge7 6. Be3 d6 7. g3 g6 8. Bg2 Bg7 9. Qd2 O-O 10. f5 Nd4 11. Bh6 Nxf3+ 12. Bxf3 exf5 13. h4 fxe4 14. dxe4 Nc6 15. h5 Nd4 16. Be2 Bxh6 17. Qxh6 g5 18. Rf1 Nxc2+ 19. Kd2 Nd4 20. Bd3 f5 21. g4 Qf6 22. Qxf6 Rxf6 23. exf5 Rf8 24. Ne4 Rd8 25. Nxg5 h6 26. Ne4 b6 27. Bc4+ d5 28. Bxd5+ Rxd5 29. Nf6+ Kf7 30. Nxd5 Bb7 31. Nxb6 Rd8 32. Rad1 Bf3 33. Rde1 Bg2 34. Kc3 Bxf1 35. Rxf1 Rg8 36. Kc4 Rxg4 37. Kxc5 Ne2 38. Nd7 Ra4 39. a3 Ng3 40. Rf3 Nxh5 41. b4 Nf6 42. Nxf6 Kxf6 43. Kc4 1-0

[Event "Toronto Closed A reserves"]
[Site "Toronto CAN"]
[Date "2004.02.07"]
[Round "4"]
[White "Siddeley, Hugh"]
[Black "Becker, Paul"]
[Result "0-1"]
[WhiteElo "2033"]
[BlackElo "2058"]
[PlyCount "76"]
[GameId "2160767911200485"]
[EventDate "2004.01.18"]
[EventType "tourn"]
[EventRounds "10"]
[EventCountry "CAN"]

1. e4 c5 2. Nf3 Nc6 3. Bb5 g6 4. Bxc6 dxc6 5. d3 Bg7 6. h3 Nf6 7. Nc3 Nd7 8. Be3 e5 9. Qd2 h6 10. Nh2 Qe7 11. O-O Nf8 12. f4 exf4 13. Rxf4 Ne6 14. Rf2 Nd4 15. a3 Be6 16. Rb1 Rd8 17. b4 c4 18. Nf3 Nxf3+ 19. Rxf3 cxd3 20. cxd3 Qd7 21. Bxa7 Ra8 22. Bc5 Bd4+ 23. Kh1 Rxa3 24. Bxd4 Qxd4 25. Ne2 Qe5 26. Nf4 Ra1 27. Rff1 Ra2 28. Qe3 O-O 29. Nxe6 Qxe6 30. Qxh6 Rfa8 31. Qg5 Qd6 32. e5 Qd5 33. Rf3 Re2 34. Re3 Rxe3 35. Qxe3 Ra2 36. Rg1 Rb2 37. Qf4 Re2 38. Ra1 Qxg2# 0-1

[Event "Toronto Closed A reserves"]
[Site "Toronto CAN"]
[Date "2004.02.08"]
[Round "4"]
[White "Bryskine, Marina"]
[Black "Southam, David"]
[Result "0-1"]
[WhiteElo "2013"]
[BlackElo "2146"]
[PlyCount "58"]
[GameId "2160767911200486"]
[EventDate "2004.01.18"]
[EventType "tourn"]
[EventRounds "10"]
[EventCountry "CAN"]

1. e4 e6 2. d4 d5 3. Nc3 Bb4 4. exd5 exd5 5. Bd3 Nc6 6. Nf3 Bg4 7. Be3 Nge7 8. a3 Bxc3+ 9. bxc3 Nf5 10. Bf4 Nh4 11. Qe2+ Ne7 12. O-O Nxf3+ 13. gxf3 Be6 14. Qe5 c6 15. Kh1 O-O 16. Bg3 Qd7 17. Rg1 f6 18. Qd6 Rad8 19. Qb4 Bf5 20. Rae1 Ng6 21. Re3 Bxd3 22. cxd3 f5 23. Be5 f4 24. Ree1 Qh3 25. Rxg6 hxg6 26. Qe7 Qxf3+ 27. Kg1 Qg4+ 28. Kh1 Rd7 29. Qb4 Rf5 0-1

[Event "Toronto Closed A reserves"]
[Site "Toronto CAN"]
[Date "2004.02.08"]
[Round "4"]
[White "Laughlin, Steve"]
[Black "Sviridovitch, Alina"]
[Result "1-0"]
[WhiteElo "2014"]
[BlackElo "1957"]
[PlyCount "73"]
[GameId "2160767911200487"]
[EventDate "2004.01.18"]
[EventType "tourn"]
[EventRounds "10"]
[EventCountry "CAN"]
[SourceTitle "EXT 2005"]
[Source "ChessBase"]
[SourceDate "2004.11.15"]
[SourceVersion "1"]
[SourceVersionDate "2004.11.15"]
[SourceQuality "1"]

1. e4 c5 2. Nf3 e6 3. d4 cxd4 4. Nxd4 a6 5. Bd3 Bc5 6. Nb3 Be7 7. O-O d6 8. c4 Qc7 9. Nc3 b6 10. Be3 Bb7 11. Rc1 Nd7 12. f4 Ngf6 13. Nd2 O-O 14. Be2 Rac8 15. g4 Nc5 16. Qc2 h6 17. Rf2 Nh7 18. Rg2 f5 19. gxf5 exf5 20. Nd5 Bxd5 21. exd5 Bf6 22. b4 Rce8 23. Nf1 Ne4 24. Bd3 Rf7 25. Qa4 Ra8 26. Bxe4 fxe4 27. Ng3 Bh4 28. Qc6 Rb8 29. Nxe4 Qxc6 30. dxc6 Bd8 31. Nxd6 Rf6 32. c5 bxc5 33. bxc5 Bc7 34. Rd1 Re6 35. Bd4 Re7 36. Nf5 Rf7 37. Nxh6+ 1-0

[Event "Toronto Closed A reserves"]
[Site "Toronto CAN"]
[Date "2004.02.08"]
[Round "4"]
[White "Nahutin, Yevgeni"]
[Black "Henry, Liam"]
[Result "1/2-1/2"]
[WhiteElo "2008"]
[BlackElo "2055"]
[PlyCount "49"]
[GameId "2160767911200488"]
[EventDate "2004.01.18"]
[EventType "tourn"]
[EventRounds "10"]
[EventCountry "CAN"]

1. e4 c5 2. Nf3 d6 3. d4 cxd4 4. Nxd4 Nf6 5. Nc3 a6 6. Bg5 e6 7. Bc4 b5 8. Bb3 Be7 9. Qd3 O-O 10. O-O Bb7 11. f3 Nbd7 12. Be3 Qc7 13. Rfd1 Ne5 14. Qf1 Rac8 15. Rac1 Nc4 16. Bxc4 Qxc4 17. Nb3 Qc7 18. Qf2 d5 19. exd5 Nxd5 20. Nxd5 Bxd5 21. c3 Qb8 22. Bc5 Qb7 23. Bxe7 Qxe7 24. Rd4 Rc4 25. Qe3 1/2-1/2